Contemporary engineering economics (Record no. 2014)

000 -LEADER
fixed length control field 00571nam a22002054a 4500
001 - CONTROL NUMBER
control field 2014
003 - CONTROL NUMBER IDENTIFIER
control field BD-DhUET
008 - FIXED-LENGTH DATA ELEMENTS--GENERAL INFORMATION
fixed length control field 160220b xxu||||| |||| 00| 0 eng d
020 ## - INTERNATIONAL STANDARD BOOK NUMBER
International Standard Book Number 0130893102
040 ## - CATALOGING SOURCE
Original cataloging agency DLC
Transcribing agency DLC
Modifying agency BD-DhUET
Language of cataloging 0
082 00 - DEWEY DECIMAL CLASSIFICATION NUMBER
Classification number 658.15
Item number PAR/2002
100 1# - MAIN ENTRY--PERSONAL NAME
Personal name Park, Chan S.
245 10 - TITLE STATEMENT
Title Contemporary engineering economics
Statement of responsibility, etc. by Chan S. Park
250 ## - EDITION STATEMENT
Edition statement 3rd ed.
260 ## - PUBLICATION, DISTRIBUTION, ETC. (IMPRINT)
Place of publication, distribution, etc. New Jersey
Name of publisher, distributor, etc. Prentice Hall
Date of publication, distribution, etc. 2002
300 ## - PHYSICAL DESCRIPTION
Extent xxxi, 920 p.
Other physical details ill. (some col.), map
Dimensions 24 cm.
504 ## - BIBLIOGRAPHY, ETC. NOTE
Bibliography, etc Includes bibliographies
650 #0 - SUBJECT ADDED ENTRY--TOPICAL TERM
Topical term or geographic name as entry element Engineering economy
942 ## - ADDED ENTRY ELEMENTS (KOHA)
Koha item type General Book
Holdings
Koha date last seen Koha normalized classification for sorting Koha item type Sublocation or collection (holding branch) Price effective from Withdrawn status Not for loan Copy number Koha issues (times borrowed) Lost status Source of classification or shelving scheme Koha date last borrowed Piece designation (barcode) Shelving location Date acquired Location (home branch) Koha full call number Damaged status
2014-09-16658_000000000000000_15PAR2002General BookCentral Library, BUET2014-09-16  1    102575Circulation section2014-09-16Central Library, BUET658.15/PAR/2002 
2014-09-16658_000000000000000_15PAR2002General BookCentral Library, BUET2014-09-16  2    102580Circulation section2014-09-16Central Library, BUET658.15/PAR/2002 
2019-04-13658_000000000000000_15PAR2002General BookCentral Library, BUET2014-09-16  31  2018-11-12102574Circulation section2014-09-16Central Library, BUET658.15/PAR/2002 
2014-09-16658_000000000000000_15PAR2002General BookCentral Library, BUET2014-09-16  4    102579Circulation section2014-09-16Central Library, BUET658.15/PAR/2002 
2014-09-16658_000000000000000_15PAR2002General BookCentral Library, BUET2014-09-16  5    102581Circulation section2014-09-16Central Library, BUET658.15/PAR/2002 
2014-09-16658_000000000000000_15PAR2002General BookCentral Library, BUET2014-09-16  6    102576Circulation section2014-09-16Central Library, BUET658.15/PAR/2002 
2014-09-16658_000000000000000_15PAR2002General BookCentral Library, BUET2014-09-16  7    102578Circulation section2014-09-16Central Library, BUET658.15/PAR/2002 
2014-09-16658_000000000000000_15PAR2002General BookCentral Library, BUET2014-09-16  8    102577Circulation section2014-09-16Central Library, BUET658.15/PAR/2002 
2014-09-16658_000000000000000_15PAR2002General BookCentral Library, BUET2014-09-16  9    102573Circulation section2014-09-16Central Library, BUET658.15/PAR/2002 
2017-04-15658_150000000000000_PAR_2002General BookCentral Library, BUET2017-04-15  10    102582Circulation section2006-06-26Central Library, BUET658.15/PAR/2002